|
|
|
|
| LEADER |
02212nam a2200577 i 4500 |
| 001 |
nkc20193158543 |
| 003 |
CZ PrNK |
| 005 |
20191209110323.0 |
| 007 |
ta |
| 008 |
191111s2019 xr a e f 000 0 cze |
| 015 |
|
|
|a cnb003158543
|
| 020 |
|
|
|a 978-80-264-2799-5
|q (brožováno) :
|c Kč 399,00
|
| 035 |
|
|
|a (OCoLC)1135590774
|
| 040 |
|
|
|a OLA001
|b cze
|e rda
|
| 072 |
|
7 |
|a 64
|x Domácí hospodářství
|2 Konspekt
|9 19
|
| 080 |
|
|
|a 64
|2 MRF
|
| 080 |
|
|
|a 316.728
|2 MRF
|
| 080 |
|
|
|a 502/504
|2 MRF
|
| 080 |
|
|
|a 628.3/.5-022.231
|2 MRF
|
| 080 |
|
|
|a 628.477.6
|2 MRF
|
| 080 |
|
|
|a (035)
|2 MRF
|
| 100 |
1 |
|
|a Gajdošová, Michaela
|7 xx0242323
|4 aut
|
| 245 |
1 |
0 |
|a Život skoro bez odpadu :
|b jak jej žijí holky z Czech Zero Waste /
|c Michaela Gajdošová, Jana Karasová, Helena Škrdlíková
|
| 250 |
|
|
|a 1. vydání
|
| 264 |
|
1 |
|a Brno :
|b CPress,
|c 2019
|
| 300 |
|
|
|a 350 stran :
|b ilustrace ;
|c 23 cm
|
| 336 |
|
|
|a text
|b txt
|2 rdacontent
|
| 337 |
|
|
|a bez média
|b n
|2 rdamedia
|
| 338 |
|
|
|a svazek
|b nc
|2 rdacarrier
|
| 504 |
|
|
|a Obsahuje bibliografii
|
| 650 |
0 |
7 |
|a domácnost
|7 ph935889
|x environmentální aspekty
|2 czenas
|
| 650 |
0 |
7 |
|a každodenní život
|7 ph121555
|x environmentální aspekty
|2 czenas
|
| 650 |
0 |
7 |
|a minimalizace odpadů
|7 ph628961
|2 czenas
|
| 650 |
0 |
7 |
|a recyklace odpadu
|7 ph125049
|2 czenas
|
| 650 |
0 |
9 |
|a household
|x environmental aspects
|2 eczenas
|
| 650 |
0 |
9 |
|a everyday life
|x environmental aspects
|2 eczenas
|
| 650 |
0 |
9 |
|a waste minimization
|2 eczenas
|
| 650 |
0 |
9 |
|a waste recycling
|2 eczenas
|
| 653 |
0 |
|
|a zero waste
|
| 655 |
|
7 |
|a příručky
|7 fd133209
|2 czenas
|
| 655 |
|
9 |
|a handbooks and manuals
|2 eczenas
|
| 700 |
1 |
|
|a Karasová, Jana
|7 xx0242322
|4 aut
|
| 700 |
1 |
|
|a Škrdlíková, Helena
|7 ola20191057660
|4 aut
|
| 910 |
2 |
|
|a BOA001
|b 2-1439.092
|
| 928 |
9 |
|
|a Albatros Media - CPress
|
| 990 |
|
|
|a BK
|
| 995 |
|
|
|a 01
|
| 991 |
|
|
|b 201911
|c NOV
|
| 996 |
6 |
|
|b 2610805990
|c 2-1439.092
|l MZK
|r Sklad / do 1 hodiny
|n 7
|p p.v.
|w 001768025
|u 000010
|a 1
|e BOA001
|j MZK50
|s P
|
| 996 |
7 |
|
|b 2610808300
|c 2-1439.092
|l Vol.výběr
|r VV 1p
|n 15
|p kup
|h 64 GAJ
|w 001768025
|u 000020
|a 0
|e BOA001
|j MZK50
|s A
|
| 996 |
7 |
|
|b 2610808301
|c 2-1439.092
|l Vol.výběr
|r VV 1p
|n 14
|p kup
|h 64 GAJ
|w 001768025
|u 000030
|a 0
|e BOA001
|j MZK50
|s A
|